Vigencia sociopolítica del tradicionalista neocatolicismo / (Record no. 122340)

MARC details
000 -LEADER
campo de control de longitud fija 00652nam a2200181 4500
001 - NÚMERO DE CONTROL
campo de control 122340
003 - IDENTIFICADOR DE NÚMERO DE CONTROL
campo de control ES-MaACL
005 - FECHA Y HORA DE LA ÚLTIMA TRANSACCIÓN
campo de control 20230906191946.0
007 - CAMPO FIJO DE DESCRIPCIÓN FÍSICA--INFORMACIÓN GENERAL
campo de control de longitud fija t|
008 - DATOS DE LONGITUD FIJA--INFORMACIÓN GENERAL
campo de control de longitud fija 070214s1976 sp r ||||1| spa d
100 1# - ENTRADA PRINCIPAL--NOMBRE DE PERSONA
Nombre de persona Prieto Escudero, Germán.
9 (RLIN) 93926
245 10 - MENCIÓN DEL TÍTULO
Título Vigencia sociopolítica del tradicionalista neocatolicismo /
Mención de responsabilidad, etc. Germán Prieto Escudero.
260 ## - PUBLICACIÓN, DISTRIBUCIÓN, ETC.
Lugar de publicación, distribución, etc. Madrid :
Nombre del editor, distribuidor, etc. Instituto de Estudios Políticos,
Fecha de publicación, distribución, etc. 1976.
300 ## - DESCRIPCIÓN FÍSICA
Extensión 10 h. ;
Dimensiones 24 cm.
500 ## - NOTA GENERAL
Nota general Es tirada aparte de: Revista de Estudios Políticos, nº 205, pp. 203 - 221.
710 2# - ENTRADA AGREGADA--NOMBRE DE ENTIDAD CORPORATIVA
Nombre de entidad corporativa o nombre de jurisdicción como elemento de entrada Instituto de Estudios Políticos (Madrid)
9 (RLIN) 4924
852 ## - LOCALIZACIÓN
Ubicación ES-MaACL
Número de control de estantería 2103-F-19
Sublocalización o colección R.94631
Holdings
Estatus retirado Estado de pérdida Estado de daño No para préstamo Colección Biblioteca de origen Biblioteca actual Ubicación en estantería Fecha de adquisición Fuente de adquisición Total de préstamos Signatura topográfica completa Código de barras Visto por última vez Precio de reemplazo Tipo de ítem Koha
        Colección de folletos Biblioteca del Ateneo de Madrid Biblioteca del Ateneo de Madrid Depósito folletos 17/01/2008     2103-F-19 1127484 23/02/2023 23/02/2023 Folleto